000 00579nam a22001817a 4500
005 20240130100827.0
008 240130b |||||||| |||| 00| 0 eng d
020 _a9781485128281
041 _aEnglish
082 _a341 DUG
100 _aDugard, J et al.
_lEnglish
245 _aDugard's International Law :
_bA South African Perspective /
_cJ Dugard et al.
250 _aFifth Edition
260 _aCape Town :
_bJuta and Company Ltd,
_c2018
300 _blx, 878 pages ;
_c25,5 cm.
650 _aLegal practice
_bLaw
942 _cBK
_6ALISON_BN_VRIES
999 _c1297
_d1297